000
00365nam a2200133Ia 4500
003
GCL
008
140319s9999 xx 000 0 ara d
040
_a
GCL /
_c
GCL
082
0
4
_a
301.243
_b
س ع
100
1
_a
سامية محمد جابر
245
1
0
_a
علم اجتماع القانون /
_c
سامية محمد جابر
300
_a
165 ص
490
_a
100 قصة
_v
0
999
_c
43325
_d
43325